The 80x86 IBM PC and compatible computers. (Record no. 495)
[ view plain ]
| 000 -LEADER | |
|---|---|
| fixed length control field | 01080nac a22002531u 4500 |
| 008 - FIXED-LENGTH DATA ELEMENTS--GENERAL INFORMATION | |
| fixed length control field | 100905s2003 ny |||||r|||| 001 0 eng d |
| 010 ## - LIBRARY OF CONGRESS CONTROL NUMBER | |
| LC control number | 2003265331 |
| 020 ## - INTERNATIONAL STANDARD BOOK NUMBER | |
| International Standard Book Number | 013061775X |
| 082 ## - DEWEY DECIMAL CLASSIFICATION NUMBER | |
| Classification number | 004.165 |
| Item number | MAZ |
| Edition number | 22 |
| 100 ## - MAIN ENTRY--PERSONAL NAME | |
| Personal name | Mazidi, Muhammad Ali. |
| 9 (RLIN) | 17989 |
| 245 ## - TITLE STATEMENT | |
| Title | The 80x86 IBM PC and compatible computers. |
| Statement of responsibility, etc | Muhammad Ali Mazidi, Janice Gillespie Mazidi. |
| Number of part/section of a work | Volumes I & II. |
| Name of part/section of a work | Assembly language, design, and interfacing |
| 246 ## - VARYING FORM OF TITLE | |
| Title proper/short title | 80x86 IBM PC and compatible computers |
| 246 ## - VARYING FORM OF TITLE | |
| Title proper/short title | Assembly language, design, and interfacing |
| 250 ## - EDITION STATEMENT | |
| Edition statement | 4th ed. |
| 260 ## - PUBLICATION, DISTRIBUTION, ETC. (IMPRINT) | |
| Place of publication, distribution, etc | Upper Saddle River, N.J. : |
| Name of publisher, distributor, etc | Prentice Hall, |
| Date of publication, distribution, etc | c2003. |
| 300 ## - PHYSICAL DESCRIPTION | |
| Extent | xxxvii, 984 p. : |
| Other physical details | ill. |
| Dimensions | 29 cm. |
| 504 ## - BIBLIOGRAPHY, ETC. NOTE | |
| Bibliography, etc | Includes bibliographical references (p. 967) and index. |
| 650 ## - SUBJECT ADDED ENTRY--TOPICAL TERM | |
| Topical term or geographic name as entry element | Intel 80x86 series microprocessors |
| General subdivision | Programming. |
| 9 (RLIN) | 17990 |
| 650 ## - SUBJECT ADDED ENTRY--TOPICAL TERM | |
| Topical term or geographic name as entry element | IBM microcomputers |
| General subdivision | Programming. |
| 9 (RLIN) | 17991 |
| 650 ## - SUBJECT ADDED ENTRY--TOPICAL TERM | |
| Topical term or geographic name as entry element | IBM-compatible computers |
| General subdivision | Programming. |
| 9 (RLIN) | 17992 |
| 650 ## - SUBJECT ADDED ENTRY--TOPICAL TERM | |
| Topical term or geographic name as entry element | Assembler language (Computer program language) |
| 9 (RLIN) | 17993 |
| 700 ## - ADDED ENTRY--PERSONAL NAME | |
| Relator code | Mazidi, Janice Gillispie. |
| 9 (RLIN) | 17994 |
| 942 ## - ADDED ENTRY ELEMENTS (KOHA) | |
| Item type | Book - Borrowing |
| Call number prefix | 004.165 MAZ |
| Source of classification or shelving scheme | Dewey Decimal Classification |
| Withdrawn status | Item status | Source of classification or shelving scheme | Damaged status | Not for loan | Vendor | Home library | Current library | Shelving location | Date acquired | Source of acquisition | Cost, normal purchase price | Total Checkouts | Total Renewals | Full call number | Barcode | Date last seen | Date last borrowed | Cost, replacement price | Koha item type |
|---|---|---|---|---|---|---|---|---|---|---|---|---|---|---|---|---|---|---|---|
| Dewey Decimal Classification | Central Library | Central Library | Lower Floor | 13/07/2006 | 170.00 | 2 | 33 | 004.165 MAZ | 000004126 | 15/07/2025 | 15/11/2018 | 212.50 | Book - Borrowing |